Schnelle Mathematik - Multiplikation zur Basis 4 Level 02 - Statistiken

Allgemein
  • Dieses Quiz wurde 86 mal gespielt
  • Das Durchschnittsergebnis liegt bei 14 aus 20
Antwortstatistiken
Frage Antwort % Korrekt
3⋅1 3
95%
0⋅2 0
86%
10⋅1 10
86%
0⋅10 0
83%
1⋅2 2
83%
10⋅2 20
83%
10⋅0 0
82%
2⋅0 0
81%
10⋅10 100
81%
2⋅1 2
80%
1⋅3 3
80%
0⋅3 0
79%
3⋅0 0
79%
3⋅10 30
78%
0⋅1 0
77%
1⋅0 0
77%
1⋅1 1
74%
0⋅0 0
71%
10⋅3 30
71%
2⋅10 20
68%
1⋅10 10
67%
2⋅3 12
43%
2⋅2 10
37%
3⋅3 21
36%
3⋅2 12
29%
Keine übereinstimmenden Quizze gefunden
Verteilung der Resultate
Anzahl Personen mit jedem Resultat
Perzentil nach korrekt beantworteten Fragen
Ihre Resultats-Entwicklung
Sie haben dieses Quiz noch nicht gespielt